00279 a2200109 4500001000700000020000600007040001100013100002300024240005900047245005400106362000900160169855 a  cMagnum aRoman, Jesus Lopez10aTendencias actuales en psicologia de la educacionlESP10aTendencias actuales en psicologia de la educacion0 a1899